| 000 | 00487nam a22001937a 4500 | ||
|---|---|---|---|
| 010 | _aB-079677 | ||
| 020 |
_a0851121802 _c00.00 |
||
| 035 | _aB-079677 | ||
| 037 | _aCen Lib/Ret | ||
| 040 |
_aDPL _bEN |
||
| 082 | _bGUI | ||
| 245 | _aGuinness world records, 2004 / | ||
| 260 |
_aNew York _b Guinness World Records Ltd. _c 2003 |
||
| 270 | _bNew York | ||
| 300 |
_a228p.(col) _b30cm. |
||
| 650 | _a World records. | ||
| 650 | _a Curiosities and wonders. | ||
| 942 |
_2ddc _cEN _mGUI |
||
| 999 |
_c136426 _d136426 |
||